| 000 | 01188nam a22002657a 4500 | ||
|---|---|---|---|
| 001 | 461 | ||
| 005 | 20231212084640.0 | ||
| 020 | _a9780688154745 | ||
| 040 |
_aDLC _cDLC _dDLC _beng |
||
| 050 | 0 | 0 |
_aE121 _b.M27 1994 |
| 082 | 0 | 0 |
_a970.01 _220 |
| 100 | 1 | _aMaestro, Betsy. | |
| 245 | 1 | 0 |
_aExploration and conquest : _bthe Americas after Columbus, 1500-1620 / _cby Betsy and Giulio Maestro. |
| 250 | _a1st ed. | ||
| 260 |
_aNew York : _bHarperCollins. _c1994. |
||
| 300 |
_a48 pages : _bcolor illustrations, maps ; _c29 cm. |
||
| 505 | _a | ||
| 520 | _aChristopher Columbus was not the first to discover the Americas, but his voyages led to European exploration of the New World. Rich in resources and natural beauty, the Americas were irresistible to gold-hungry conquistadors. The newcomers gave little thought to those who had called the lands their home, and exploration soon came to signify conquest. The New World -- and the lives of its inhabitants -- would be changed forever. | ||
| 521 |
_a1030
_bLexile |
||
| 650 | _aexploration | ||
| 650 | _aage of discovery | ||
| 700 | 1 |
_aMaestro, Giulio, _eill. |
|
| 906 |
_a7 _bcbc _corignew _d1 _eocip _f19 _gy-gencatlg |
||
| 942 |
_2ddc _cBK _n0 |
||
| 999 |
_c461 _d461 |
||